书目信息 |
| 题名: |
旅游开发研究-原理.方法.实践
|
|
| 作者: | 保继刚 编 | |
| 分册: | ||
| 出版信息: | 北京 科学出版社 2005.80 |
|
| 页数: | ||
| 开本: | 16开 | |
| 丛书名: | ||
| 单 册: | ||
| 中图分类: | F590-3 | |
| 科图分类: | ||
| 主题词: | 旅游经济 | |
| 电子资源: | ||
| ISBN: | 7-03-011720-4 | |
| 000 | 00573nam0 2200193 450 | |
| 001 | 0736196517 | |
| 005 | 20070924100316.51 | |
| 010 | @a7-03-011720-4@d¥56.00 | |
| 100 | @a20070924d km y0chiy0120 ea | |
| 101 | 0 | @achi |
| 200 | 1 | @a旅游开发研究-原理.方法.实践@Alu you kai fa yan jiu-yuan li.fang fa.shi jian@f保继刚 等编@Fbao ji gang deng bian |
| 205 | @a第二版 | |
| 210 | @a北京@c科学出版社@d2005.80 | |
| 215 | @d16开 | |
| 606 | 0 | @a旅游经济 |
| 690 | @aF590-3@v3 | |
| 701 | 0 | @a保继刚@Abao ji gang@4编 |
| 801 | 0 | @aCN@bPFT@c20070924 |
| 905 | @a213230@dF590-3@eZY107=2@f1 | |
| 旅游开发研究-原理.方法.实践/保继刚 等编.-第二版.-北京:科学出版社,2005.80 |
| 16开 |
| ISBN 7-03-011720-4:¥56.00 |
| ● |
| 相关链接 |
|
|
|
|
正题名:旅游开发研究-原理·方法·实践
索取号:F590-3/ZY107=2
 
预约/预借
| 序号 | 登录号 | 条形码 | 馆藏地/架位号 | 状态 | 备注 |
| 1 | 7902027 | 279020275 | 资源管理系资料室/ [索取号:F590-3/ZY107=2] | 在馆 |